00331nam a2200133Ia 4500008004100000022001800041082001600059100002200075245002100097250000800118260002800126300000800154650003500162191201s2007 xx 000 0 und d a9780198085416 a621.388 BEV aBELAVADI, Vasuki  0aVideo Production a7th aNew DelhibOxfordc2021 a408 aBachelor of Mass Communication